000 01257 a2200289 4500
008 130821s2012 ck ao gr spa
020 _a9789587251098
040 _aCO-BoUCM
_bspa
_cJavier Garzón
_dHenry Ríos
041 0 0 _aspa
245 0 0 _aIdentidades, enfoque diferencial y construcción de paz
_cinvestigadores Blanca Inés Arteaga Morales ...[y otros.]
260 _aBogotá (Colombia)
_bUniversidad de Bogotá Jorge Tadeo Lozano
_c2012
300 _a382 páginas
_bilustraciones, gráficas, fotografías
490 0 _aSerie Documentos para la paz
_v3
504 _aIncluye referencias bibliográficas
650 7 _aConflicto armado
_zColombia
_939439
650 7 _aDesplazamiento forzado
_zColombia
_931505
650 7 _aProceso de paz
_zColombia
_922380
690 _aViolencia
700 1 _aAndrade Becerra, Oscar David
_939080
700 1 _aArteaga Morales, Blanca Inés
_938796
700 1 _aPuentes Orjuela
_939083
700 1 _aSalcedo, Daissy Liliana
_939082
700 1 _aWalteros Rangel, Diego Andrés
_939081
710 1 _aUniversidad de Bogotá Jorge Tadeo Lozano
_bFacultad de Ciencias Sociales
_bObservatorio de Construcción de Paz
_939085
942 _cLIBRO
_a5
_e1
_mI195
_2DEWEY
_h303.6
999 _c167192
_d167192